000 00582 a2200181 4500
999 _c10866
_d10866
020 _a22205470
050 _aKTZ2.2
_bZIM 2022
100 _aRowland, J. R.,
_echief editor.
245 _aThe Zimbabwe Law Reports 2019 :(PART 2)
_cedited by J. Reid Rowland.
264 _aHarare, Zimbabwe :
_bJudicial Service Commission,
_c2022.
300 _axliv, 581 pages ;
336 _2rdacontent
_atext
_btxt
337 _2rdamedia
_aunmediated
_bn
338 _2rdacarrier
_avolume
_bnc
650 _aZimbabwe
_xLaw reports
700 _aNdou, N.
_eco-editor.
942 _2lcc
_cBK
_h2.2
_iZIM
_kKTZ